000 00639nam a22002177a 4500
003 UA-OsUOA
001 68647
007 ta
008 20100511b un ||||| |||| 00| 0 ukr d
100 _aКоденська М.Ю.
090 _a330(477)
_bК57
942 _cSA
040 _aUA-OsUOA
_bukr
_cUA-OsUOA
_dUA-OsUOA
245 _aІнвестиційні пріоритети в аграрно-промисловому вробництві
300 _aС.49-54
955 _a0
041 _aukr
080 _a330(477)
773 0 _w68642
_tЕкономіка АПК
_dК.
_d2010
_g5
650 7 _a330 Економіка взагалі
_2UDC
999 _c354903
_d354903